000 00286nam a2200121Ia 4500
008 191201s2002 xx 000 0 und d
100 _aRANCU,Dude
245 0 _a7th heaven
260 _aUnited kingdom
_bCoxswyman Ltd
_c2002
300 _a148
650 _aGeneral Books
942 _2ddc
_cBK
999 _c4386
_d4386